[Event "AUTO-OPEN-4607"]
[Site "http://www.queenalice.com/game.php?id=1861044"]
[Date "2025.8.4"]
[Round "1"]
[White "Capixaba789"]
[Black "attachui"]
[Result "0-1"]
[WhiteElo "1780"]
[BlackElo "2148"]

1. d4 Nf6 2. Nc3 g6 3. e4 d6 4. f4 Bg7 5. Nf3 O-O 6. Bd3 Nc6 7. O-O Nd7 8. Kh1
Nxd4 9. Nd5 c6 10. Ne3 e6 11. Nxd4 Bxd4 12. c3 Bb6 13. a4 Nc5 14. Bc2 d5 15. e5
f5 16. b4 Ne4 17. Qe1 a6 18. Bb2 c5 19. a5 Ba7 20. Bxe4 fxe4 21. Ng4 h5 22. Nf6+
Rxf6 23. exf6 Qxf6 24. Rb1 cxb4 25. cxb4 Bd4 26. Bxd4 Qxd4 27. Qg3 Kh7 28. Qg5
Bd7 29. Qe7+ Qg7 30. Qd6 Rc8 31. Qb6 Bb5 32. Rfe1 Rc6 33. Qe3 Bd3 34. Rbc1 d4
35. Qxe4 Bxe4 0-1

[Event "AUTO-OPEN-4607"]
[Site "http://www.queenalice.com/game.php?id=1861046"]
[Date "2025.8.4"]
[Round "1"]
[White "chessman"]
[Black "attachui"]
[Result "0-1"]
[WhiteElo "2092"]
[BlackElo "2149"]

1. e4 c5 2. Nf3 d6 3. Bb5+ Bd7 4. Bxd7+ Nxd7 5. O-O Ngf6 6. Qe2 g6 7. c3 Bg7 8.
d4 cxd4 9. cxd4 O-O 10. Nc3 e5 11. dxe5 dxe5 12. Rd1 Qe7 13. Bg5 h6 14. Nd5 Qc5
15. Be3 Qa5 16. b4 Qa4 17. Bc5 Nxc5 18. bxc5 Nxe4 19. Rdb1 Nxc5 20. Rb4 Qd7 21.
Rd1 Kh8 22. Ne3 Qe7 23. h3 Nd3 24. Rbb1 e4 25. Ne1 Nxe1 26. Rxe1 Rad8 27. Qb5 b6
28. a4 Rd2 29. a5 Bd4 30. Qa4 Qf6 31. Rf1 Rxf2 0-1

[Event "AUTO-MASTER-3276"]
[Site "http://www.queenalice.com/game.php?id=1861143"]
[Date "2025.8.5"]
[Round "1"]
[White "Zero007"]
[Black "attachui"]
[Result "0-1"]
[WhiteElo "2043"]
[BlackElo "2158"]

1. e4 c5 2. Bc4 e6 3. Nf3 a6 4. a4 d5 5. exd5 exd5 6. Be2 Nf6 7. d4 Ne4 8. O-O
Nc6 9. dxc5 Bxc5 10. Nbd2 O-O 11. Nxe4 dxe4 12. Ng5 Bf5 13. Be3 Bxe3 14. fxe3
Qxg5 15. Qd2 Rad8 0-1

[Event "AUTO-MASTER-3276"]
[Site "http://www.queenalice.com/game.php?id=1861144"]
[Date "2025.8.5"]
[Round "1"]
[White "attachui"]
[Black "Zero007"]
[Result "1/2-1/2"]
[WhiteElo "2128"]
[BlackElo "2051"]

1. d4 d5 2. c4 e6 3. Nc3 Nf6 4. Nf3 c5 5. Bf4 Nc6 6. e3 Be7 7. Ne5 O-O 8. Nb5
Qa5+ 9. Qd2 Qxd2+ 10. Kxd2 Bd7 11. cxd5 Nxe5 12. Bxe5 Ne4+ 13. Ke1 Bxb5 14. Bxb5
cxd4 15. Bxd4 1/2-1/2

[Event "AUTO-MASTER-3276"]
[Site "http://www.queenalice.com/game.php?id=1861159"]
[Date "2025.8.5"]
[Round "1"]
[White "attachui"]
[Black "chessman"]
[Result "1-0"]
[WhiteElo "2159"]
[BlackElo "2078"]

1. d4 d5 2. c4 c6 3. Nf3 Nf6 4. Nc3 e6 5. Bf4 Be7 6. Ne5 O-O 7. e3 a6 8. Rc1
Nbd7 9. cxd5 exd5 10. Bd3 Re8 11. Bb1 Nf8 12. O-O Ng6 13. Bg3 Be6 14. f4 Ne4 15.
Nxg6 hxg6 16. Nxe4 dxe4 17. Bxe4 f5 18. Bb1 Bd5 19. Re1 Bf6 20. b3 Be4 21. Bd3
Qe7 22. Bc4+ Kh7 23. Bf2 Rec8 24. g4 Bd5 25. gxf5 gxf5 26. Qh5+ Kg8 27. Bxd5+
cxd5 28. Qxf5 Rxc1 29. Rxc1 Qd6 30. Rc8+ 1-0

[Event "AUTO-MASTER-3276"]
[Site "http://www.queenalice.com/game.php?id=1861160"]
[Date "2025.8.5"]
[Round "1"]
[White "chessman"]
[Black "attachui"]
[Result "1-0"]
[WhiteElo "2013"]
[BlackElo "2207"]

1. e4 c5 2. Nf3 d6 3. Bb5+ Bd7 4. Bxd7+ Nxd7 5. O-O g6 6. Qe2 Bg7 7. c3 Ngf6 8.
d4 cxd4 9. cxd4 O-O 10. Nc3 e5 11. dxe5 dxe5 12. Bg5 Qb6 13. Rfd1 h6 14. Bxf6
Nxf6 15. Nxe5 Rfe8 16. Nc4 Qa6 17. Nd2 Qb6 18. Nc4 Qa6 19. Rd6 b6 20. e5 Rac8
21. Ne3 Qxe2 22. Nxe2 Rxe5 23. h3 Ne4 24. Rd7 Ra5 25. Nd5 Rc2 26. Ng3 Bxb2 27.
Re1 Nf6 28. Nxf6+ Bxf6 29. Ne4 1-0

[Event "AUTO-MASTER-3276"]
[Site "http://www.queenalice.com/game.php?id=1861161"]
[Date "2025.8.5"]
[Round "1"]
[White "attachui"]
[Black "stoyan1"]
[Result "0-1"]
[WhiteElo "2161"]
[BlackElo "2070"]

1. d4 e5 2. dxe5 d6 3. exd6 Bxd6 4. Nc3 Nc6 5. Nf3 Nf6 6. Bg5 h6 7. Bh4 g5 8.
Nxg5 hxg5 9. Bxg5 Bf5 10. e4 Be6 11. Bb5 a6 12. Bxc6+ bxc6 13. f4 Be7 14. Qf3
Bg4 15. Qxg4 Nxg4 16. Rd1 Qc8 17. Bxe7 Kxe7 18. h3 Qg8 19. Rg1 Ne3 20. Rd2 Qg3+
21. Ke2 Rad8 22. Rd3 Rxd3 23. cxd3 Nxg2 0-1

[Event "AUTO-OPEN-4608"]
[Site "http://www.queenalice.com/game.php?id=1861339"]
[Date "2025.8.9"]
[Round "1"]
[White "askasl159"]
[Black "attachui"]
[Result "0-1"]
[WhiteElo "1494"]
[BlackElo "2167"]

1. e4 c5 2. b4 e6 3. Nf3 Nc6 4. bxc5 Bxc5 5. d4 Bb6 6. Bb2 Nf6 7. Nbd2 O-O 8.
Bc4 d5 9. exd5 Nxd5 10. O-O Nf4 11. Ne4 Na5 12. Bb5 a6 0-1

[Event "AUTO-OPEN-4608"]
[Site "http://www.queenalice.com/game.php?id=1861361"]
[Date "2025.8.9"]
[Round "1"]
[White "game"]
[Black "attachui"]
[Result "0-1"]
[WhiteElo "1619"]
[BlackElo "2142"]

1. e4 c5 2. Nf3 d6 3. Bc4 e6 4. d3 a6 5. Nc3 b5 6. Ng5 bxc4 7. Qf3 f6 8. e5 Ra7
9. dxc4 fxg5 10. Be3 Rf7 11. Qa8 Bb7 12. Qa7 Nc6 13. Qxb7 Rxb7 14. Rd1 Nxe5 15.
Ne4 Nxc4 16. Bxc5 Qa5+ 17. c3 Nxb2 18. Rxd6 Bxd6 0-1

[Event "AUTO-OPEN-4608"]
[Site "http://www.queenalice.com/game.php?id=1861362"]
[Date "2025.8.9"]
[Round "1"]
[White "attachui"]
[Black "game"]
[Result "1-0"]
[WhiteElo "2176"]
[BlackElo "1662"]

1. d4 d5 2. c4 Nf6 3. cxd5 Nxd5 4. e4 Nb4 5. Qa4+ N4c6 6. d5 Bd7 7. dxc6 Bxc6 8.
Bb5 Na6 9. Bxc6+ bxc6 10. Qxc6+ Qd7 11. Qxa8+ Qd8 12. Qc6+ Qd7 13. Qxa6 e5 14.
Bg5 f6 15. Be3 Kf7 16. Nc3 Bb4 17. Qc4+ Kg6 18. Qxb4 Rd8 19. Nge2 f5 20. exf5+
Kxf5 21. Ng3+ Kf6 22. Nce4+ Ke6 23. Nc5+ Kf6 24. Nxd7+ Rxd7 25. f4 Re7 26. fxe5+
Rxe5 27. O-O+ Kg6 28. Qg4+ 1-0

[Event "AUTO-MASTER-3277"]
[Site "http://www.queenalice.com/game.php?id=1861638"]
[Date "2025.8.15"]
[Round "1"]
[White "attachui"]
[Black "Zero007"]
[Result "1-0"]
[WhiteElo "2168"]
[BlackElo "2033"]

1. d4 d5 2. c4 e6 3. Nc3 c5 4. Nf3 Nf6 5. Bf4 Be7 6. e3 O-O 7. Rc1 Nc6 8. Nb5
Nh5 9. Bc7 Qd7 10. cxd5 Qxd5 11. Bc4 Qd7 12. Ne5 Nxe5 13. Bxe5 g6 14. Nc7 1-0

[Event "AUTO-MASTER-3277"]
[Site "http://www.queenalice.com/game.php?id=1861661"]
[Date "2025.8.15"]
[Round "1"]
[White "attachui"]
[Black "Capixaba789"]
[Result "1-0"]
[WhiteElo "2169"]
[BlackElo "1770"]

1. d4 d5 2. c4 Nf6 3. cxd5 Nxd5 4. e4 Nf6 5. Nc3 e6 6. f4 Be7 7. Nf3 Nc6 8. Bc4
O-O 9. O-O Bd7 10. e5 Ng4 11. h3 Nh6 12. d5 Bc5+ 13. Kh1 Nf5 14. Kh2 a6 15. dxc6
Bxc6 16. a3 Qe7 17. Qe1 Rad8 18. Ne4 Ba7 19. g4 Nd4 20. Nxd4 Bxd4 21. Rb1 Kh8
22. g5 b5 23. Ba2 Bb7 24. Bd2 c5 25. Ba5 Rc8 26. Nd6 Rb8 27. h4 f5 28. gxf6 gxf6
29. Nxb7 Rxb7 30. Bc3 fxe5 31. Bxd4 cxd4 32. Qxe5+ 1-0

[Event "AUTO-OPEN-4585"]
[Site "http://www.queenalice.com/game.php?id=1862238"]
[Date "2025.8.29"]
[Round "2"]
[White "silverado"]
[Black "attachui"]
[Result "1-0"]
[WhiteElo "1977"]
[BlackElo "2189"]

1. e4 c5 2. c3 d5 3. e5 Nc6 4. d4 cxd4 5. cxd4 Qb6 6. b3 Qxd4 7. Qxd4 Nxd4 8.
Bd3 e6 9. Bb2 Bc5 10. f4 Ne7 11. Nd2 Nef5 12. Ndf3 O-O 13. Nxd4 Nxd4 14. O-O-O
Nc6 15. Nh3 1-0

[Event "AUTO-OPEN-4585"]
[Site "http://www.queenalice.com/game.php?id=1862239"]
[Date "2025.8.29"]
[Round "2"]
[White "attachui"]
[Black "silverado"]
[Result "1-0"]
[WhiteElo "2153"]
[BlackElo "2022"]

1. d4 d5 2. c4 c6 3. Nf3 dxc4 4. a4 a5 5. Nc3 Be6 6. e4 Qb6 7. d5 cxd5 8. exd5
Bf5 9. Bxc4 f6 10. O-O Qc5 11. Qe2 Nd7 12. Be3 Qb4 13. Nd4 Ne5 14. Bb5+ Bd7 15.
Ne6 Bxb5 16. Nxb5 Kf7 17. f4 Nd7 18. Bd2 Qb3 19. Nec7 Rd8 20. Qe6+ Kg6 21. f5+
Kh5 22. Qe2+ Kh4 23. Rf4+ 1-0

[Event "AUTO-OPEN-4585"]
[Site "http://www.queenalice.com/game.php?id=1862245"]
[Date "2025.8.29"]
[Round "2"]
[White "BeatifulDevil56"]
[Black "attachui"]
[Result "0-1"]
[WhiteElo "2170"]
[BlackElo "2191"]

1. e4 c5 2. Nf3 d6 3. Bc4 a6 4. Nc3 b5 5. Bd5 Ra7 6. Ng5 e6 7. d4 exd5 8. Nxd5
f6 9. Nf3 Ne7 10. Nxe7 Rxe7 11. O-O Rxe4 12. dxc5 Nc6 13. cxd6 Bxd6 14. Re1 Be6
15. g3 Rxe1+ 16. Qxe1 Kf7 0-1

[Event "AUTO-OPEN-4613"]
[Site "http://www.queenalice.com/game.php?id=1862600"]
[Date "2025.9.6"]
[Round "1"]
[White "SGF"]
[Black "attachui"]
[Result "0-1"]
[WhiteElo "1652"]
[BlackElo "2206"]

1. e4 c5 2. Qf3 Nc6 3. c3 Nf6 4. Bc4 a6 5. a4 Ne5 6. Qe2 d5 7. exd5 Nxc4 8. Qxc4
Nxd5 9. Qxc5 e5 10. Qc4 Be6 11. Nf3 Nf4 12. Qe4 f5 13. Qxe5 Nd3+ 14. Kf1 Nxe5
15. Nxe5 Qd5 16. f4 Bd6 17. Na3 Bxe5 18. fxe5 O-O 19. d4 f4 20. Bd2 f3 21. g3
Bh3+ 22. Kf2 Rae8 23. Nc2 Rxe5 24. Ne3 Rxe3 25. Bxe3 Qb3 26. Bf4 Bg2 27. Rhg1
Qxb2+ 28. Ke3 Qe2# 0-1

[Event "AUTO-OPEN-4613"]
[Site "http://www.queenalice.com/game.php?id=1862601"]
[Date "2025.9.6"]
[Round "1"]
[White "attachui"]
[Black "SGF"]
[Result "0-1"]
[WhiteElo "2171"]
[BlackElo "1758"]

1. d4 e6 2. c4 Qf6 3. Nf3 Bb4+ 4. Nc3 c6 5. e4 h6 6. Bd2 g5 7. e5 Qf5 8. a3 Bxc3
9. Bxc3 Qe4+ 10. Be2 a5 11. O-O Ne7 12. Bd3 Qg4 13. h3 Qh5 14. Qe1 g4 15. hxg4
Qxg4 16. Nh2 Qg5 17. f4 Qg7 18. Bxa5 h5 19. Qb4 h4 20. Rf3 h3 21. Rg3 Qxg3 22.
Bf1 hxg2 23. Bxg2 Rxh2 24. Qd2 Rxa5 25. Rf1 Nf5 26. Rf3 Qh4 27. Qxa5 Nxd4 28.
Rf2 Na6 29. Qd2 c5 0-1

[Event "AUTO-MASTER-3280"]
[Site "http://www.queenalice.com/game.php?id=1862754"]
[Date "2025.9.9"]
[Round "1"]
[White "CCapivara"]
[Black "attachui"]
[Result "1-0"]
[WhiteElo "2287"]
[BlackElo "2146"]

1. e4 c5 2. Nf3 d6 3. d4 cxd4 4. Nxd4 Nf6 5. Nc3 a6 6. Bg5 Nbd7 7. f4 Qb6 8. Nb3
Nc5 9. Qf3 Nxb3 10. axb3 Bg4 11. Qg3 Bd7 12. Bxf6 gxf6 13. Nd5 Qc5 14. Bd3 Be6
15. b4 Qd4 16. Nc7+ Kd7 17. Nxa8 Qxb4+ 18. c3 Qxb2 19. O-O Bh6 20. Rab1 Qd2 21.
Nb6+ Ke8 22. Nc4 Qxc3 23. Nxd6+ exd6 24. Bb5+ 1-0